00738nam a2200229 a 450000500170000000800410001702000150005804000270007304100080010004400080010808200180011624501040013426000520023830000330029065000220032365000220034565000190036770000340038670000270042070000290044771000320047620180803165305.0160213t1998 -us fr|||| 001 0 spa d a0820320153 aCO-BoIAVH cCO-BoIAVH 0 aeng axxu04a658.408bE61e00aEnvironmental ethics and the global marketplace /cEdited by Dorinda G. Dallmeyer and Albert F. Ike aGeorgia :bUniversity of Georgia Press ,c1998. a184 páginas ;c23 x 16 cm.16aÉtica ambiental26aMercados globales26aMedio ambiente1 aDallmeyer, Dorinda G.eEditor1 aIke, Albert F.eEditor1 aYoung, AndrewePrólogo2 aUniversity of Georgia Press